Year of the first appearance of main MCU characters - Statistics

General Stats
  • This quiz has been taken 271 times
  • The average score is 29 of 41
Answer Stats
Hint Character % Correct
2008 Iron Man Tony Stark
100%
The Incredible Hulk Hulk
98%
1943 Captain America: The First Avenger Captain America
95%
Pepper Potts
95%
2011 Thor Thor
94%
Loki
90%
James Barnes
89%
2010 Iron Man 2 Black Widow
87%
Guardians of the Galaxy Star-Lord
87%
2015 Ant-Man Ant-Man
86%
Gamora
86%
Rocket
86%
Drax
85%
Groot
85%
James Rhodes
85%
Black Panther
83%
Nick Fury
83%
Scarlet Witch
80%
2016 Doctor Strange Stephen Strange
80%
Happy Hogan
79%
Hawkeye
77%
Captain America: Civil War Spiderman
76%
Thanos
75%
Avengers: Age of Ultron Vision
72%
2014 Captain America: The Winter Soldier Falcon
70%
Hank Pym
70%
Jane Foster
70%
2018 Black Panther Shuri
70%
Hope van Dyne
65%
Red Skull
63%
Okoye
59%
2012 Avengers Assemble Maria Hill
57%
Thaddeus Ross
52%
Erik Selvig
49%
Darcy Lewis
48%
M'Baku
38%
Avengers: Infinity War Ebony Maw
34%
Proxima Midnight
33%
Cull Obsidian
29%
Corvus Glaive
28%
Aunt May
10%
No matching quizzes found
Score Distribution
Percent of People with Each Score
Percentile by Number Answered
Your Score History
You have not taken this quiz